Mobile satellite communications : principles and practice (Record no. 179963)

MARC details
000 -LEADER
fixed length control field 00390nam a2200145Ia 4500
005 - DATE AND TIME OF LATEST TRANSACTION
control field 20250313082337.0
008 - FIXED-LENGTH DATA ELEMENTS--GENERAL INFORMATION
fixed length control field 231217s9999 xx 000 0 und d
020 ## - INTERNATIONAL STANDARD BOOK NUMBER
International Standard Book Number 9788129700254
082 ## - DEWEY DECIMAL CLASSIFICATION NUMBER
Classification number 621.380422 RIC;6
100 ## - MAIN ENTRY--PERSONAL NAME
Personal name Richharia, M
245 #0 - TITLE STATEMENT
Title Mobile satellite communications : principles and practice
260 ## - PUBLICATION, DISTRIBUTION, ETC. (IMPRINT)
Date of publication, distribution, etc. 2001
Name of publisher, distributor, etc. Pearson
Place of publication, distribution, etc. New Delhi
300 ## - PHYSICAL DESCRIPTION
Extent xiv+560
942 ## - ADDED ENTRY ELEMENTS (KOHA)
Koha item type Books
Holdings
Date last seen Total Checkouts Full call number Accession number Old discount Cost, replacement price Price effective from Category Lost status Damaged status Department Withdrawn status bill no. bill date Permanent Location Current Location Shelving location Entry date Vendor Cost, normal purchase price Grants Currency symbol Conversion rate Discount Discount type
26/01/2024   621.380422 RIC;6 47550 25 247.50 26/01/2024 Books     CS   940 19/06/2010 Central Library Central Library Central Library 19/12/2007 Book Paradise 330.00 CS/PG RS 1 82.5 Rupees

© For any Suggestions or Query, please contact the library staff @ librarian@pes.edu or Phone: +9180 2672 1983/ 2108.